StarCraft Terran Units Quiz - Statistics

General Stats
  • This quiz has been taken 918 times
  • The average score is 12 of 14
Answer Stats
Hint Answer % Correct
The basic Terran infantry Marine
99%
Stealth specialist Ghost
97%
Terran tank that can transform into a stationary 'Siege Cannon' mode Siege Tank
94%
Named after the Norse god of thunder Thor
94%
The builder and resource gatherer of the Terran race. SCV
91%
Vehicle that can transforms from a walking robot to a space craft Viking
86%
The Capital Ship of the Terran fleet Battlecruiser
85%
A dual-purpose unit combining the old Dropship and the Medic. Medivac Dropship
84%
A cloak-capable gunship able to only attack ground-based targets. Banshee
82%
Exceptionally fast infantry that uses dual pistols, can jet pack up and down ledges. Reaper
81%
Fast vehicle is armed with a flamethrower Hellion
78%
The replacement for the Firebat and deals high damage vs armored units. Marauder
77%
A temporary unit summoned by an Orbital Command. MULE
75%
Air detector that creates smaller independent munitions. Raven
73%
No matching quizzes found
Score Distribution
Percent of People with Each Score
Percentile by Number Answered
Your Score History
You have not taken this quiz